Quiz o Kujawach - Statystyki

Ogólne statystyki
  • Ten quiz został rozwiązany 10 razy
  • Średni wynik to 11 z 14
Statystyki odpowiedzi
Pytanie Odpowiedź % Poprawnych
Największe miasto (na pograniczu Kujaw) Bydgoszcz
100%
Województwo w większości obejmujące historyczne Kujawy Kujawsko-Pomorskie
100%
Państwo które zajęło Kujawy podczas II rozbioru Polski Prusy
100%
Najdłuższe rzeki przepływające przez ten teren Wisła
100%
Uzdrowisko znane z tężni solankowych Ciechocinek
89%
Historyczna stolica Kujaw Zachodnich Inowrocław
89%
Nazwa tańca ludowego Kujawiak
89%
Kraina historyczna sąsiadująca z Kujawami od Północy Pomorze
89%
Województwo które oprócz powyższego ma miasta na Kujawach Wielkopolskie
89%
Historyczna stolica Kujaw Wschodnich Włocławek
89%
Najdłuższe rzeki przepływające przez ten teren Noteć
56%
Duże jezioro na części Pojezierza Kujawskiego Gopło
44%
Książę Kujawski, ojciec Władysława Łokietka {Kazimierz} I Kujawski
33%
Traktat zawarty w 1435 roku kończący wojnę polsko-krzyżacką Pokój w {Brześciu} {Kujawskim}
22%
Nie znaleziono quizów pasujących do podanych kryteriów
Rozkład punktacji
Procent ludzi z każdym wynikiem
Percentyl według liczby udzielonych odpowiedzi
Twoja historia wyników
Nie rozwiązałeś tego quizu